[Event "4. Magistral Ciutat de Cullera"]
[Site "Cullera ESP"]
[Date "2006.07.16"]
[Round "1.1"]
[White "Cabrera Pino, Alexis"]
[Black "Pallardo Lozoya, Jose Vicente"]
[Result "1-0"]
[WhiteElo "2506"]
[BlackElo "2323"]
[PlyCount "85"]
[EventDate "2006.06.21"]
[EventType "tourn"]
[EventRounds "9"]
[EventCountry "ESP"]
[Source "lmi"]
[SourceDate "2006.07.29"]

1. e4 e6 2. d4 d5 3. Nc3 Bb4 4. e5 c5 5. a3 Bxc3+ 6. bxc3 Ne7 7. Qg4 O-O 8. Bd3
f5 9. exf6 Rxf6 10. Bg5 Rf7 11. Qh5 g6 12. Qd1 Nbc6 13. Nf3 Qf8 14. O-O c4 15.
Be2 h6 16. Bc1 Bd7 17. a4 b6 18. Ne1 g5 19. g3 Kh7 20. Ng2 Qg7 21. Ba3 Nf5 22.
Bg4 Rd8 23. Qe2 e5 24. Bh5 Ncxd4 25. cxd4 Nxd4 26. Qd1 Bxa4 27. Ne3 Rc7 28. Bb2
c3 29. Rxa4 cxb2 30. Rb4 b5 31. Qd3+ Kh8 32. c3 Qf8 33. Rxb2 Qa3 34. Nd1 Rd6
35. Qe3 Nc6 36. Rxb5 Qa6 37. Qc5 Rcd7 38. Be8 Rd8 39. Bxc6 Qxc6 40. Re1 Qe8 41.
Rb7 Rc6 42. Qxa7 Rg6 43. Re7 1-0

[Event "4. Magistral Ciutat de Cullera"]
[Site "Cullera ESP"]
[Date "2006.07.17"]
[Round "1.2"]
[White "Valmaña Canto, Jaime"]
[Black "Uribe Arteaga, Daniel"]
[Result "1-0"]
[WhiteElo "2284"]
[BlackElo "2212"]
[PlyCount "53"]
[EventDate "2006.06.21"]
[EventType "tourn"]
[EventRounds "9"]
[EventCountry "ESP"]
[Source "lmi"]
[SourceDate "2006.07.29"]

1. e4 c5 2. Nf3 d6 3. d4 cxd4 4. Nxd4 Nf6 5. Nc3 g6 6. Be3 Bg7 7. f3 O-O 8. Qd2
Nc6 9. Bc4 Nd7 10. h4 Nb6 11. Bb3 Na5 12. Qd3 Nxb3 13. axb3 d5 14. Ndb5 a6 15.
Bxb6 Qxb6 16. Nxd5 Qd8 17. Nbc3 b5 18. O-O-O e6 19. Ne3 Qa5 20. Kb1 Bb7 21. h5
Rac8 22. hxg6 Rxc3 23. gxf7+ Kh8 24. Qd7 Rxe3 25. Qxe6 Bxb2 26. Rxh7+ Kxh7 27.
Qf5+ 1-0

[Event "4. Magistral Ciutat de Cullera"]
[Site "Cullera ESP"]
[Date "2006.07.20"]
[Round "1.3"]
[White "Camarena Gimenez, Rufino"]
[Black "Lafuente, Pablo"]
[Result "1/2-1/2"]
[WhiteElo "2323"]
[BlackElo "2414"]
[PlyCount "28"]
[EventDate "2006.06.21"]
[EventType "tourn"]
[EventRounds "9"]
[EventCountry "ESP"]
[Source "lmi"]
[SourceDate "2006.07.29"]

1. Nf3 Nf6 2. c4 b6 3. g3 c5 4. Bg2 Bb7 5. O-O e6 6. b3 d5 7. cxd5 exd5 8. d4
Be7 9. Bb2 O-O 10. Nc3 Nbd7 11. Rc1 Re8 12. Ne5 Nf8 13. dxc5 bxc5 14. Na4 Ne6
1/2-1/2

[Event "4. Magistral Ciutat de Cullera"]
[Site "Cullera ESP"]
[Date "2006.07.20"]
[Round "1.4"]
[White "Fenollar Jorda, Manuel"]
[Black "Flores, Diego"]
[Result "0-1"]
[WhiteElo "2329"]
[BlackElo "2524"]
[PlyCount "34"]
[EventDate "2006.06.21"]
[EventType "tourn"]
[EventRounds "9"]
[EventCountry "ESP"]
[Source "lmi"]
[SourceDate "2006.07.29"]

1. d4 g6 2. Nf3 Bg7 3. c4 d6 4. Nc3 Nf6 5. e4 O-O 6. Be2 e5 7. dxe5 dxe5 8.
Qxd8 Rxd8 9. Bg5 c6 10. Nxe5 Re8 11. Bf4 Na6 12. O-O-O Nc5 13. Bf3 g5 14. Bg3
g4 15. b4 gxf3 16. bxc5 Nh5 17. gxf3 Nxg3 0-1

[Event "4. Magistral Ciutat de Cullera"]
[Site "Cullera ESP"]
[Date "2006.07.20"]
[Round "1.5"]
[White "Roca Galarza, Jose"]
[Black "Argandoña Rivero, Iñigo"]
[Result "0-1"]
[WhiteElo "2338"]
[BlackElo "2366"]
[PlyCount "80"]
[EventDate "2006.06.21"]
[EventType "tourn"]
[EventRounds "9"]
[EventCountry "ESP"]
[Source "lmi"]
[SourceDate "2006.07.29"]

1. Nf3 Nf6 2. c4 b6 3. g3 Bb7 4. Bg2 e6 5. O-O c5 6. Nc3 Be7 7. Re1 a6 8. e4 d6
9. d4 cxd4 10. Nxd4 Qc7 11. Be3 Nbd7 12. Rc1 Rc8 13. b3 Qb8 14. f3 O-O 15. Re2
Rfd8 16. a4 Bf8 17. Qe1 Nc5 18. Rb1 d5 19. cxd5 exd5 20. Bf4 Nd3 21. Bxb8 Nxe1
22. Rexe1 Rxc3 23. e5 Ne8 24. Bd6 Nxd6 25. exd6 Bxd6 26. Red1 Bc5 27. b4 Bf8
28. f4 Rc4 29. Kh1 Bxb4 30. Bf1 Bc5 31. Nb3 d4+ 32. Kg1 Rb4 33. Nxc5 bxc5 34.
Rxb4 cxb4 35. a5 Be4 36. Bxa6 Bc2 37. Ra1 b3 38. Bb7 b2 39. Rf1 b1=Q 40. Rxb1
Bxb1 0-1

[Event "4. Magistral Ciutat de Cullera"]
[Site "Cullera ESP"]
[Date "2006.07.22"]
[Round "2.1"]
[White "Pallardo Lozoya, Jose Vicente"]
[Black "Argandoña Rivero, Iñigo"]
[Result "1-0"]
[WhiteElo "2338"]
[BlackElo "2366"]
[PlyCount "105"]
[EventDate "2006.06.21"]
[EventType "tourn"]
[EventRounds "9"]
[EventCountry "ESP"]
[Source "lmi"]
[SourceDate "2006.07.29"]

1. e4 c5 2. Nc3 g6 3. g3 Bg7 4. Bg2 Nc6 5. d3 e6 6. Be3 Qb6 7. Rb1 Qa5 8. Nge2
b5 9. a3 b4 10. axb4 Qxb4 11. O-O Nge7 12. f4 Bd4 13. Qc1 Bb7 14. Nxd4 cxd4 15.
Bf2 Rb8 16. Ne2 Ba6 17. Ra1 Bc8 18. b3 Qd6 19. Ra4 Rb4 20. Rxb4 Qxb4 21. Qb2 d6
22. Nxd4 e5 23. Nxc6 Nxc6 24. fxe5 dxe5 25. Bxa7 O-O 26. Be3 Be6 27. c3 Qxb3
28. Qxb3 Bxb3 29. Rb1 Bc2 30. Rb6 Rc8 31. Bh3 Rc7 32. Bf1 Ne7 33. Bg5 Nc8 34.
Rb5 Kg7 35. Rxe5 Rxc3 36. Rd5 Bb3 37. Be3 Rc2 38. Bd4+ Kh6 39. Rc5 Nd6 40. Rxc2
Bxc2 41. Kf2 Nxe4+ 42. dxe4 Bxe4 43. Ke3 f5 44. Bf6 g5 45. h4 gxh4 46. Bxh4 Kg6
47. Kf4 Bc2 48. Bb5 h6 49. Be8+ Kg7 50. Be7 Bd3 51. Ke5 h5 52. Bxh5 Kh6 53. Be8
1-0

[Event "4. Magistral Ciutat de Cullera"]
[Site "Cullera ESP"]
[Date "2006.07.21"]
[Round "2.2"]
[White "Flores, Diego"]
[Black "Roca Galarza, Jose"]
[Result "1-0"]
[WhiteElo "2514"]
[BlackElo "2338"]
[PlyCount "57"]
[EventDate "2006.06.21"]
[EventType "tourn"]
[EventRounds "9"]
[EventCountry "ESP"]
[Source "lmi"]
[SourceDate "2006.07.29"]

1. c4 c5 2. Nc3 g6 3. g3 Bg7 4. Bg2 Nc6 5. Nf3 e6 6. d4 Nxd4 7. Nxd4 cxd4 8.
Nb5 Qb6 9. e3 Ne7 10. Nxd4 Qb4+ 11. Bd2 Qxb2 12. Rb1 Qxa2 13. Nb5 O-O 14. Bb4
Nc6 15. Bxf8 Bxf8 16. O-O Qxc4 17. Nd6 Bxd6 18. Qxd6 a5 19. Rfc1 Qa6 20. h4 h5
21. g4 Qe2 22. gxh5 Qxh5 23. Rc4 a4 24. Bxc6 dxc6 25. Qd8+ Kg7 26. Rf4 g5 27.
hxg5 a3 28. Qf6+ Kh7 29. Rh4 1-0

[Event "4. Magistral Ciutat de Cullera"]
[Site "Cullera ESP"]
[Date "2006.07.21"]
[Round "2.3"]
[White "Lafuente, Pablo"]
[Black "Fenollar Jorda, Manuel"]
[Result "1-0"]
[WhiteElo "2506"]
[BlackElo "2329"]
[PlyCount "49"]
[EventDate "2006.06.21"]
[EventType "tourn"]
[EventRounds "9"]
[EventCountry "ESP"]
[Source "lmi"]
[SourceDate "2006.07.29"]

1. d4 d5 2. c4 c6 3. Nf3 Nf6 4. e3 Bg4 5. h3 Bxf3 6. Qxf3 e6 7. Nc3 Nbd7 8. Bd3
dxc4 9. Bxc4 Nb6 10. Bb3 a5 11. a3 Be7 12. O-O O-O 13. Rd1 a4 14. Ba2 Nbd5 15.
Ne2 Nd7 16. e4 N5f6 17. Nc3 Qa5 18. d5 cxd5 19. exd5 Nc5 20. Be3 exd5 21. Nxd5
Nxd5 22. Rxd5 b6 23. Rf5 Qa7 24. Bxf7+ Kh8 25. Qh5 1-0

[Event "4. Magistral Ciutat de Cullera"]
[Site "Cullera ESP"]
[Date "2006.07.22"]
[Round "2.4"]
[White "Uribe Arteaga, Daniel"]
[Black "Camarena Gimenez, Rufino"]
[Result "1-0"]
[WhiteElo "2212"]
[BlackElo "2506"]
[PlyCount "103"]
[EventDate "2006.06.21"]
[EventType "tourn"]
[EventRounds "9"]
[EventCountry "ESP"]
[Source "lmi"]
[SourceDate "2006.07.29"]

1. d4 Nf6 2. c4 c5 3. d5 e5 4. Nc3 d6 5. e4 Be7 6. Bd3 Nbd7 7. Nge2 h5 8. O-O
Nf8 9. a3 Ng6 10. b4 b6 11. f3 h4 12. Be3 Nh5 13. Qd2 Nhf4 14. Rfb1 h3 15. g3
Nxd3 16. Qxd3 O-O 17. g4 Nh4 18. Bf2 Ng2 19. Kh1 g6 20. Ng1 Nf4 21. Qf1 f5 22.
gxf5 gxf5 23. Nxh3 fxe4 24. Nxf4 Rxf4 25. Qg2+ Kh8 26. Nxe4 Qf8 27. Nd2 Qf7 28.
Rg1 Bf5 29. bxc5 bxc5 30. Rae1 Qh7 31. Bg3 Rg8 32. Qe2 Rxg3 33. Rxg3 Bh4 34.
Reg1 Bxg3 35. Rxg3 Rh4 36. Qf2 Qh6 37. Nf1 Bd3 38. Qb2 Qf8 39. Ne3 Bxc4 40. Nf5
Rh7 41. Ne3 Ba6 42. Ng4 Rg7 43. Qb1 Qf4 44. Rh3+ Kg8 45. Qb8+ Kf7 46. Qxa7+ Kg8
47. Qxa6 Qc1+ 48. Kg2 Qd2+ 49. Kg1 Qd4+ 50. Kf1 Qd1+ 51. Kf2 Qd4+ 52. Ne3 1-0

[Event "4. Magistral Ciutat de Cullera"]
[Site "Cullera ESP"]
[Date "2006.07.16"]
[Round "2.5"]
[White "Cabrera Pino, Alexis"]
[Black "Valmaña Canto, Jaime"]
[Result "1/2-1/2"]
[WhiteElo "2506"]
[BlackElo "2284"]
[PlyCount "96"]
[EventDate "2006.06.21"]
[EventType "tourn"]
[EventRounds "9"]
[EventCountry "ESP"]
[Source "lmi"]
[SourceDate "2006.07.29"]

1. e4 c5 2. Nf3 e6 3. Nc3 Nc6 4. g3 Nf6 5. Bg2 d5 6. exd5 Nxd5 7. Nxd5 Qxd5 8.
O-O Be7 9. c3 Qd3 10. Ne1 Qd6 11. Nc2 Bf6 12. d4 cxd4 13. Be3 O-O 14. Nxd4 Nxd4
15. Bxd4 Bxd4 16. Qxd4 Qxd4 17. cxd4 Rd8 18. Rfd1 Kf8 19. Rac1 Ke7 20. Rc7+ Rd7
21. Rdc1 Kd8 22. R7c4 Rb8 23. a4 b6 24. b4 Bb7 25. Bxb7 Rbxb7 26. Kf1 Rbc7 27.
Ke2 Rxc4 28. Rxc4 Rd5 29. b5 e5 30. Ke3 Kd7 31. dxe5 Rxe5+ 32. Kd3 Rh5 33. h4
Rf5 34. Ke3 h5 35. Rd4+ Ke7 36. Rc4 Kd7 37. f3 Re5+ 38. Kf4 Re1 39. Rd4+ Ke7
40. Rd5 Ra1 41. Rd4 Rc1 42. g4 Rc5 43. Ke4 g6 44. Kd3 Ke6 45. Re4+ Re5 46. Kd4
Rxe4+ 47. Kxe4 f5+ 48. gxf5+ gxf5+ 1/2-1/2

[Event "4. Magistral Ciutat de Cullera"]
[Site "Cullera ESP"]
[Date "2006.06.22"]
[Round "3.1"]
[White "Valmaña Canto, Jaime"]
[Black "Pallardo Lozoya, Jose Vicente"]
[Result "1-0"]
[WhiteElo "2287"]
[BlackElo "2323"]
[PlyCount "69"]
[EventDate "2006.06.21"]
[EventType "tourn"]
[EventRounds "9"]
[EventCountry "ESP"]
[Source "lmi"]
[SourceDate "2006.07.29"]

1. e4 e6 2. d4 d5 3. Nc3 Nf6 4. e5 Nfd7 5. f4 c5 6. Nf3 Nc6 7. Be3 a6 8. Qd2 b5
9. a3 Qb6 10. Ne2 a5 11. g4 h5 12. gxh5 Rxh5 13. Ng3 Rh8 14. c3 cxd4 15. cxd4
a4 16. Bd3 Na5 17. Qe2 b4 18. O-O Nb3 19. Ra2 g6 20. axb4 Qxb4 21. Qc2 Rb8 22.
Ne2 Nb6 23. Bd2 Nxd2 24. Nxd2 Bd7 25. Nb1 Rc8 26. Nbc3 Nc4 27. Rfa1 Bh6 28.
Bxc4 Rxc4 29. Qd1 Bxf4 30. Nxf4 Rxd4 31. Nd3 Qc4 32. Rxa4 Rxd3 33. Rxc4 Rxd1+
34. Nxd1 Ke7 35. Rc7 1-0

[Event "4. Magistral Ciutat de Cullera"]
[Site "Cullera ESP"]
[Date "2006.07.15"]
[Round "3.2"]
[White "Camarena Gimenez, Rufino"]
[Black "Cabrera Pino, Alexis"]
[Result "0-1"]
[WhiteElo "2323"]
[BlackElo "2506"]
[PlyCount "64"]
[EventDate "2006.06.21"]
[EventType "tourn"]
[EventRounds "9"]
[EventCountry "ESP"]
[Source "lmi"]
[SourceDate "2006.07.29"]

1. d4 f5 2. g3 Nf6 3. Bg2 g6 4. Nf3 Bg7 5. O-O O-O 6. b3 a5 7. a4 Ne4 8. Bb2
Nc6 9. Nbd2 d5 10. Ne5 Nxe5 11. dxe5 Be6 12. f4 c5 13. e3 Qb6 14. Qe2 Rfd8 15.
Rfd1 Bf8 16. g4 Nxd2 17. Rxd2 fxg4 18. Rad1 c4 19. Bxd5 Bxd5 20. Rxd5 cxb3 21.
Rxd8 Rxd8 22. Rxd8 Qxd8 23. cxb3 e6 24. Bd4 Qd5 25. Qc4 Kf7 26. Bb6 Qd1+ 27.
Kg2 h5 28. Qc7+ Be7 29. Qxb7 h4 30. Bxa5 h3+ 31. Kf2 Qc2+ 32. Kg3 Qg2+ 0-1

[Event "4. Magistral Ciutat de Cullera"]
[Site "Cullera ESP"]
[Date "2006.07.22"]
[Round "3.3"]
[White "Fenollar Jorda, Manuel"]
[Black "Uribe Arteaga, Daniel"]
[Result "1/2-1/2"]
[WhiteElo "2329"]
[BlackElo "2212"]
[PlyCount "43"]
[EventDate "2006.06.21"]
[EventType "tourn"]
[EventRounds "9"]
[EventCountry "ESP"]
[Source "lmi"]
[SourceDate "2006.07.29"]

1. e4 e5 2. Nf3 Nc6 3. Bb5 a6 4. Bxc6 dxc6 5. d4 exd4 6. Qxd4 Qxd4 7. Nxd4 Bd7
8. Nc3 O-O-O 9. Be3 Bd6 10. O-O-O c5 11. Nde2 Ne7 12. Bf4 Bxf4+ 13. Nxf4 Bc6
14. f3 b6 15. Rxd8+ Rxd8 16. Rd1 Rxd1+ 17. Nxd1 g6 18. Kd2 Kd7 19. Ke3 Kd6 20.
h4 a5 21. Nh3 h6 22. Ndf2 1/2-1/2

[Event "4. Magistral Ciutat de Cullera"]
[Site "Cullera ESP"]
[Date "2006.07.22"]
[Round "3.4"]
[White "Roca Galarza, Jose"]
[Black "Lafuente, Pablo"]
[Result "0-1"]
[WhiteElo "2338"]
[BlackElo "2414"]
[PlyCount "76"]
[EventDate "2006.06.21"]
[EventType "tourn"]
[EventRounds "9"]
[EventCountry "ESP"]
[Source "lmi"]
[SourceDate "2006.07.29"]

1. Nf3 Nf6 2. c4 b6 3. g3 c5 4. Bg2 Bb7 5. O-O e6 6. Nc3 d6 7. d4 cxd4 8. Qxd4
Be7 9. b3 O-O 10. Bb2 a6 11. e4 Qc7 12. e5 Nc6 13. Qd2 dxe5 14. Rad1 Rad8 15.
Qe2 Nd4 16. Nxd4 Bxg2 17. Kxg2 exd4 18. Ne4 Qc6 19. Rfe1 e5 20. f3 Nd7 21. Nf2
Bb4 22. Rf1 Rfe8 23. Qe4 Qc7 24. Nd3 Nc5 25. Nxc5 bxc5 26. Rf2 Qc8 27. g4 Rd6
28. Re2 f6 29. Bc1 g6 30. Kh1 Qd7 31. Rd3 Kh8 32. h3 f5 33. gxf5 gxf5 34. Qh4
Rg6 35. Bg5 Qc6 36. Rg2 e4 37. fxe4 fxe4 38. Rdg3 Be1 0-1

[Event "4. Magistral Ciutat de Cullera"]
[Site "Cullera ESP"]
[Date "2006.07.22"]
[Round "3.5"]
[White "Argandoña Rivero, Iñigo"]
[Black "Flores, Diego"]
[Result "1/2-1/2"]
[WhiteElo "2366"]
[BlackElo "2524"]
[PlyCount "55"]
[EventDate "2006.06.21"]
[EventType "tourn"]
[EventRounds "9"]
[EventCountry "ESP"]
[Source "lmi"]
[SourceDate "2006.07.29"]

1. d4 g6 2. e4 Bg7 3. Nc3 d6 4. Bg5 c6 5. Qd2 b5 6. Bd3 Bxd4 7. Bxb5 Bg7 8. Bc4
Nd7 9. Nf3 Ngf6 10. Rd1 Qb6 11. O-O O-O 12. Bb3 Nc5 13. Rfe1 Bg4 14. Qf4 Ne6
15. Bxe6 fxe6 16. Rd3 Bxf3 17. Rxf3 Qxb2 18. Rb1 Qxc2 19. Rc1 Qb2 20. Rb1 Qa3
21. Nd5 Qxa2 22. Nxe7+ Kh8 23. Rf1 Nd7 24. Qh4 Rxf3 25. Nxg6+ Kg8 26. Ne7+ Kf8
27. Ng6+ Kg8 28. Ne7+ 1/2-1/2

[Event "4. Magistral Ciutat de Cullera"]
[Site "Cullera ESP"]
[Date "2006.07.24"]
[Round "4.1"]
[White "Pallardo Lozoya, Jose Vicente"]
[Black "Flores, Diego"]
[Result "1/2-1/2"]
[WhiteElo "2338"]
[BlackElo "2514"]
[PlyCount "125"]
[EventDate "2006.06.21"]
[EventType "tourn"]
[EventRounds "9"]
[EventCountry "ESP"]
[Source "lmi"]
[SourceDate "2006.07.29"]

1. e4 c5 2. Nc3 Nc6 3. g3 g6 4. Bg2 Bg7 5. d3 d6 6. f4 Nf6 7. Nf3 O-O 8. O-O
Rb8 9. h3 b5 10. g4 b4 11. Ne2 c4 12. Be3 Ba6 13. Rf2 Rc8 14. Ned4 Na5 15. f5
Nb7 16. Qd2 Nc5 17. Ne1 Nfd7 18. Ne2 Bxb2 19. Rb1 Bc3 20. Nxc3 bxc3 21. Qd1
cxd3 22. cxd3 Qa5 23. Bh6 Rfe8 24. d4 Na4 25. Qf3 f6 26. h4 c2 27. Rxc2 Rxc2
28. Nxc2 Rc8 29. Ne3 Nc3 30. Rb2 Na4 31. Rf2 Qc3 32. Nd5 Qxf3 33. Rxf3 Kf7 34.
Ra3 Bb5 35. Rb3 a6 36. Bf1 gxf5 37. exf5 Rg8 38. Ne3 Rb8 39. Bg2 Ndb6 40. Be4
Rc8 41. g5 fxg5 42. hxg5 Rg8 43. g6+ hxg6 44. fxg6+ Rxg6+ 45. Bxg6+ Kxg6 46.
Bf4 Kf7 47. Kf2 Nd7 48. Nd5 e5 49. Be3 exd4 50. Bxd4 Ndc5 51. Rf3+ Ke6 52. Nc7+
Kd7 53. Nxb5 axb5 54. Ke3 Kc6 55. Rf5 Nb6 56. Kd2 b4 57. Kc2 Nc4 58. Rf4 Na3+
59. Kd2 Kd5 60. Bg1 Nc4+ 61. Kc2 Na3+ 62. Kd2 Nc4+ 63. Kc2 1/2-1/2

[Event "4. Magistral Ciutat de Cullera"]
[Site "Cullera ESP"]
[Date "2006.07.24"]
[Round "4.2"]
[White "Lafuente, Pablo"]
[Black "Argandoña Rivero, Iñigo"]
[Result "1/2-1/2"]
[WhiteElo "2414"]
[BlackElo "2366"]
[PlyCount "85"]
[EventDate "2006.06.21"]
[EventType "tourn"]
[EventRounds "9"]
[EventCountry "ESP"]
[Source "lmi"]
[SourceDate "2006.07.29"]

1. d4 d5 2. c4 dxc4 3. Nf3 a6 4. e3 e6 5. Bxc4 Nf6 6. O-O c5 7. dxc5 Qxd1 8.
Rxd1 Bxc5 9. Nbd2 Nc6 10. a3 O-O 11. Be2 Rd8 12. b4 Be7 13. Bb2 Bd7 14. Nb3 Be8
15. Nfd2 Nd5 16. Ne4 Rdc8 17. Rdc1 Nb6 18. Nec5 Nd8 19. Bd4 Na4 20. Nxa4 Bxa4
21. Na5 Bc6 22. Bb6 Bd5 23. Rxc8 Rxc8 24. Rd1 Kf8 25. Bf3 Bxf3 26. gxf3 Ke8 27.
Bxd8 Rxd8 28. Rxd8+ Kxd8 29. Nxb7+ Kc7 30. Na5 Kb6 31. Kf1 Kb5 32. Ke2 Ka4 33.
Nc4 Kb3 34. Kd3 Bh4 35. e4 Bxf2 36. Nd6 Kxa3 37. b5 axb5 38. Nxb5+ Kb4 39. Nd6
f6 40. Ne8 Kc5 41. Nxg7 Kd6 42. Nh5 Ke7 43. Nf4 1/2-1/2

[Event "4. Magistral Ciutat de Cullera"]
[Site "Cullera ESP"]
[Date "2006.07.24"]
[Round "4.3"]
[White "Uribe Arteaga, Daniel"]
[Black "Roca Galarza, Jose"]
[Result "1/2-1/2"]
[WhiteElo "2212"]
[BlackElo "2338"]
[PlyCount "60"]
[EventDate "2006.06.21"]
[EventType "tourn"]
[EventRounds "9"]
[EventCountry "ESP"]
[Source "lmi"]
[SourceDate "2006.07.29"]

1. d4 Nf6 2. c4 e6 3. Nc3 Bb4 4. e3 O-O 5. Bd3 c5 6. Nf3 d5 7. O-O cxd4 8. exd4
dxc4 9. Bxc4 Nc6 10. Bd3 Be7 11. Bg5 h6 12. Bh4 b6 13. Bxf6 Bxf6 14. Be4 Bb7
15. Ne5 Na5 16. Qa4 Bxe5 17. dxe5 Qc7 18. Rfe1 Bxe4 19. Rxe4 Rac8 20. Rae1 Rfd8
21. Nb5 Qc2 22. Nxa7 Qxa4 23. Rxa4 Rc2 24. b4 Nc4 25. Nc6 Rdd2 26. b5 Re2 27.
Ra1 Rxf2 28. Rxc4 Rxg2+ 29. Kf1 Rgf2+ 30. Ke1 Rfe2+ 1/2-1/2

[Event "4. Magistral Ciutat de Cullera"]
[Site "Cullera ESP"]
[Date "2006.07.16"]
[Round "4.4"]
[White "Cabrera Pino, Alexis"]
[Black "Fenollar Jorda, Manuel"]
[Result "1-0"]
[WhiteElo "2506"]
[BlackElo "2329"]
[PlyCount "81"]
[EventDate "2006.06.21"]
[EventType "tourn"]
[EventRounds "9"]
[EventCountry "ESP"]
[Source "lmi"]
[SourceDate "2006.07.29"]

1. e4 e5 2. Nf3 Nc6 3. Bb5 a6 4. Ba4 Nf6 5. d3 b5 6. Bb3 Bc5 7. Nc3 d6 8. Nd5
Na5 9. Bg5 c6 10. Nxf6+ gxf6 11. Be3 Rg8 12. Qd2 Rxg2 13. O-O-O Bxe3 14. Qxe3
Nxb3+ 15. axb3 c5 16. Rhg1 Rxg1 17. Rxg1 Ke7 18. Qh6 Be6 19. Rg7 a5 20. Nh4 a4
21. Qxh7 axb3 22. Nf5+ Kd7 23. Rxf7+ Bxf7 24. Qxf7+ Kc6 25. Ne7+ Kb7 26. Nd5+
Kb8 27. cxb3 Ra7 28. Qg6 Qh8 29. Kc2 Rh7 30. Qf5 Kb7 31. Qe6 Qd8 32. h4 Rxh4
33. Qf7+ Kb8 34. Ne7 Qc7 35. Qe8+ Ka7 36. Nd5 Qb7 37. Qd8 Rh2 38. Ne7 Rxf2+ 39.
Kc1 c4 40. Nc8+ Ka6 41. Qxd6+ 1-0

[Event "4. Magistral Ciutat de Cullera"]
[Site "Cullera ESP"]
[Date "2006.07.04"]
[Round "4.5"]
[White "Valmaña Canto, Jaime"]
[Black "Camarena Gimenez, Rufino"]
[Result "0-1"]
[WhiteElo "2284"]
[BlackElo "2323"]
[PlyCount "90"]
[EventDate "2006.06.21"]
[EventType "tourn"]
[EventRounds "9"]
[EventCountry "ESP"]
[Source "lmi"]
[SourceDate "2006.07.29"]

1. e4 e6 2. d4 d5 3. Nc3 Bb4 4. e5 c5 5. a3 Ba5 6. b4 cxd4 7. Qg4 Ne7 8. bxa5
dxc3 9. Qxg7 Rg8 10. Qxh7 Nbc6 11. Nf3 Qc7 12. Bf4 Bd7 13. Bd3 O-O-O 14. a6 b6
15. Bg3 Rh8 16. Qg7 Rdg8 17. Qf6 Rh5 18. Qxf7 Rhh8 19. Qf4 Be8 20. Nd4 Nxd4 21.
Qxd4 Qc5 22. Qxc5+ bxc5 23. Rb1 c4 24. Be2 Ba4 25. Rb7 Nc6 26. O-O Nd4 27. Bd1
Bxc2 28. Bxc2 Nxc2 29. Rc1 Nd4 30. Kf1 c2 31. Rxa7 Kb8 32. Rb7+ Ka8 33. Ke1 Rb8
34. f3 Rxb7 35. axb7+ Kxb7 36. Bf2 Nb3 37. Rxc2 Rxh2 38. g4 Kc6 39. f4 Nc5 40.
Ke2 Nd3 41. Ke3 Rh3+ 42. Kd2 Nxf2 43. f5 Ne4+ 44. Kc1 c3 45. Kb1 d4 0-1

[Event "4. Magistral Ciutat de Cullera"]
[Site "Cullera ESP"]
[Date "2006.07.25"]
[Round "5.1"]
[White "Camarena Gimenez, Rufino"]
[Black "Pallardo Lozoya, Jose Vicente"]
[Result "1-0"]
[WhiteElo "2323"]
[BlackElo "2323"]
[PlyCount "85"]
[EventDate "2006.06.21"]
[EventType "tourn"]
[EventRounds "9"]
[EventCountry "ESP"]
[Source "lmi"]
[SourceDate "2006.07.29"]

1. Nf3 Nf6 2. c4 e6 3. Nc3 d5 4. e3 c6 5. d4 Nbd7 6. Qc2 Be7 7. Be2 O-O 8. O-O
dxc4 9. Bxc4 b5 10. Be2 a6 11. Rd1 Qc7 12. e4 e5 13. Bg5 exd4 14. Nd5 Nxd5 15.
exd5 f6 16. Bh4 c5 17. Nxd4 Ne5 18. Bg3 Bd6 19. Nc6 Bd7 20. a4 c4 21. b3 cxb3
22. Qxb3 b4 23. Nxe5 fxe5 24. Bxe5 Rf7 25. Bxd6 Qxd6 26. a5 Raf8 27. Rf1 Rf4
28. Rac1 R8f5 29. Rc4 h6 30. Rxf4 Rxf4 31. Rd1 g5 32. g3 Rf8 33. Bc4 Kg7 34.
Qd3 Rf6 35. Qd4 Qc7 36. d6 Qxa5 37. Re1 Qf5 38. Re7+ Kf8 39. Rxd7 a5 40. Rd8+
Kg7 41. Rg8+ Kh7 42. Qa7+ Rf7 43. Qxf7+ 1-0

[Event "4. Magistral Ciutat de Cullera"]
[Site "Cullera ESP"]
[Date "2006.06.20"]
[Round "5.2"]
[White "Fenollar Jorda, Manuel"]
[Black "Valmaña Canto, Jaime"]
[Result "1-0"]
[WhiteElo "2331"]
[BlackElo "2287"]
[PlyCount "115"]
[EventDate "2006.06.21"]
[EventType "tourn"]
[EventRounds "9"]
[EventCountry "ESP"]
[Source "lmi"]
[SourceDate "2006.07.29"]

1. e4 c5 2. Nf3 Nc6 3. d4 cxd4 4. Nxd4 Nf6 5. Nc3 e5 6. Ndb5 d6 7. Bg5 a6 8.
Na3 b5 9. Nd5 Be7 10. Bxf6 Bxf6 11. c3 O-O 12. Nc2 Bg5 13. a4 bxa4 14. Rxa4 a5
15. Bb5 Ne7 16. Ncb4 Bb7 17. Nxe7+ Bxe7 18. Nd5 Bxd5 19. Qxd5 Qb6 20. b3 Rac8
21. Bc4 Rc5 22. Qd3 Rfc8 23. O-O Kh8 24. Qf3 Rf8 25. Bd5 g6 26. b4 axb4 27.
cxb4 Rc2 28. Qd3 Rfc8 29. Ra8 Rxa8 30. Qxc2 Rb8 31. Rb1 f5 32. exf5 gxf5 33.
Qxf5 Rf8 34. Qc2 Bg5 35. Kf1 Be3 36. f3 Bg1 37. g3 Bd4 38. Kg2 Qd8 39. b5 Qb6
40. Be4 h5 41. Qb3 Rf6 42. Rc1 Bc5 43. Ra1 Kg7 44. Ra8 Rf7 45. Qe6 d5 46. Qxe5+
Qf6 47. Qxd5 Be7 48. Ra6 Qb2+ 49. Kh3 Bf6 50. Qf5 Qf2 51. f4 Qf1+ 52. Bg2 Qe2
53. Re6 Qd1 54. b6 Bd8 55. Qg6+ Kf8 56. b7 Bc7 57. Qh6+ Rg7 58. Qh8+ 1-0

[Event "4. Magistral Ciutat de Cullera"]
[Site "Cullera ESP"]
[Date "2006.07.17"]
[Round "5.3"]
[White "Roca Galarza, Jose"]
[Black "Cabrera Pino, Alexis"]
[Result "0-1"]
[WhiteElo "2338"]
[BlackElo "2506"]
[PlyCount "100"]
[EventDate "2006.06.21"]
[EventType "tourn"]
[EventRounds "9"]
[EventCountry "ESP"]
[Source "lmi"]
[SourceDate "2006.07.29"]

1. Nf3 d5 2. c4 c6 3. d4 Nf6 4. Qc2 g6 5. Bf4 Bg7 6. e3 O-O 7. Nc3 Na6 8. cxd5
Nb4 9. Qd2 Nbxd5 10. Be5 Bf5 11. Bd3 Nxc3 12. bxc3 c5 13. O-O Qa5 14. Bxf5 gxf5
15. Qb2 b6 16. c4 cxd4 17. exd4 Rac8 18. Rac1 Qa4 19. d5 Ne8 20. Bxg7 Nxg7 21.
Ne5 Rc7 22. f4 Qa5 23. Kh1 Qc5 24. Qf2 Qxf2 25. Rxf2 Rd8 26. Rd2 Nh5 27. g3 Nf6
28. Rg1 Ng4 29. Re1 Nxe5 30. Rxe5 Kf8 31. Rde2 Rdd7 32. Rc2 Rc5 33. a4 Rdc7 34.
Rd2 Rxc4 35. d6 exd6 36. Rxd6 Rxa4 37. Kg2 Ra2+ 38. Kh3 Rcc2 39. Rxf5 Rxh2+ 40.
Kg4 Rad2 41. Rc6 Rd7 42. Re5 Rhd2 43. Rh6 R2d5 44. Rxd5 Rxd5 45. Rxh7 Kg8 46.
Rh1 b5 47. f5 Kg7 48. Kg5 b4 49. Kf4 b3 50. Ke4 Rb5 0-1

[Event "4. Magistral Ciutat de Cullera"]
[Site "Cullera ESP"]
[Date "2006.07.25"]
[Round "5.4"]
[White "Argandoña Rivero, Iñigo"]
[Black "Uribe Arteaga, Daniel"]
[Result "1-0"]
[WhiteElo "2366"]
[BlackElo "2212"]
[PlyCount "84"]
[EventDate "2006.06.21"]
[EventType "tourn"]
[EventRounds "9"]
[EventCountry "ESP"]
[Source "lmi"]
[SourceDate "2006.07.29"]

1. e4 e5 2. Nf3 Nc6 3. Bb5 a6 4. Bxc6 dxc6 5. O-O Bg4 6. h3 h5 7. c3 Qf6 8. d4
Bxf3 9. Qxf3 Qxf3 10. gxf3 exd4 11. cxd4 O-O-O 12. Be3 Nf6 13. Nc3 Be7 14. Rfd1
Rd7 15. Rac1 Rhd8 16. Kf1 Nh7 17. d5 cxd5 18. Nxd5 Kb8 19. Ke2 Bd6 20. Rd2 Nf8
21. Rcd1 Ne6 22. f4 Bc5 23. f5 Bxe3 24. Kxe3 Nc5 25. f3 Rh8 26. Nf4 Kc8 27. Rg1
Rh7 28. Rg5 Rxd2 29. Kxd2 Nd7 30. Rxh5 Rxh5 31. Nxh5 g6 32. fxg6 fxg6 33. Nf4
Ne5 34. Ke3 Kd7 35. Nd3 Nf7 36. h4 b6 37. Kd4 Kd6 38. e5+ Ke6 39. Ke4 g5 40. h5
Nh6 41. f4 gxf4 42. Nxf4+ Kd7 1-0